000 00631nam a2200241Ia 4500
003 OSt
005 20220924150725.0
006 a|||||r|||| 00| 0
007 ta
008 220923b |||||||| |||| 00| 0 tel d
020 _c30.00
024 _a334360
037 _cTextual
040 _aARTS
_cARTS
_btel
041 _2tel
_atel
082 _a035,2x, N7
100 _aSastry P.Venkata Rama Au.
_9222792
245 0 _aRasaputra veerula charitraka natakalu
260 _c1997
650 _aTELUGU DRAMA
_9173432
942 _h035,2x, N7
_cTEXL
_2CC
999 _c464316
_d464316